000 00785pam a2200241 4500
003 OSt
005 20260129113229.0
008 730523s1973 caua b 001 0 eng
020 _a0716708353
020 _a9780716708353
040 _aKABLIB
_cKABLIB
_beng.
_erda
082 0 0 _a591.15
_223
_bMCC
100 1 _aMcClearn, G. E.,
_d1927-
_914872
245 1 0 _aIntroduction to behavioral genetics
_c[by] G. E. McClearn [and] J. C. DeFries.
260 _aSan Francisco,
_bW. H. Freeman
_cc1973
300 _avi, 349 p.
_billus.
_c24 cm.
490 0 _aA series of books in psychology
504 _aBibliography: p. [314]-335.
650 0 _aBehavior genetics.
_914873
650 2 _aGenetics, Behavioral.
_914874
700 1 _aDeFries, J. C.,
_d1934-
_ejoint author.
_914875
942 _2ddc
_cBOOK
999 _c5896
_d5896